000 00827nam a2200217Ia 4500
005 20211112080550.0
008 130821s sp gr spa
040 _aCO-BoUCM
_bspa
_cJose A. Gerena (modificó)
_d[Nuevo]
041 0 0 _aspa
100 1 _aDe Montoliu y de Togores, Manuel
_984566
245 1 3 _aEl alma de España y sus reflejos en la literatura del siglo de oro
_cManuel de Montoliu
260 _aBarcelona (España)
_bEditorial Cervantes
_c[fecha desconocida]
300 _a752 páginas
500 _aIncluye índice
650 7 _aLiteratura española
_xCrítica e interpretación, etc.
_97793
650 7 _aLiteratura española
_xHistoria
_944681
650 7 _aLiteratura
_918599
690 0 _aLiteratura europea
_926524
942 _cLIBRO
_a18
_e1
_mM798a
_2DEWEY
_h860.9
999 _c77417
_d77417